00682nam a2200205Ia 4500003000900000008004100009020001800050040001600068080001800084100002100102245010300123260003700226300001600263650004100279650001800320650001900338942000700357999001700364952009500381IN-BaIIA211028s9999 xx 000 0 eng d a81-212-0458-5 cIIA Library a5:061.22bPAL aPal, Yash919348 0aScience in societybsome perspectivescYash Pal  aNew DelhibGyan Publishingc1993 axvii, 405p. aAstronomy and astrophysics thesaurus aScience91299 aSociety919003 cBK c11284d11284 00104070aBANbBANcGENd1995-03-20l0o5:061.22/ PALp12199r2021-11-05w1995-03-20yBK